000 00535nam a22001932 4500
001 0000009812
005 20151217160123.0
008 081130s xx 000 0 eng d
020 _a068807698x :
040 _aKABU
_cKABU
100 1 _aLloyd, David.
_@0000038046
245 1 0 _aHello, goodbye /
_cDavid Lloyd; illustrated by Louise Voce.
250 _a1st ed.
260 _aNew York :
_bLothrop,
_c1988.
300 _a26 p.
852 1 _9p200 KES
908 _a081130
950 _@1
999 _c14574
_d14574